The paper boat / (Record no. 13205)

MARC details
000 -LEADER
fixed length control field 00887nam a22002777a 4500
005 - DATE AND TIME OF LATEST TRANSACTION
control field 20080603112422.0
008 - FIXED-LENGTH DATA ELEMENTS--GENERAL INFORMATION
fixed length control field 080603t xxu||||| |||| 00| 0 eng d
010 ## - LIBRARY OF CONGRESS CONTROL NUMBER
LC control number ENG-90262
020 ## - INTERNATIONAL STANDARD BOOK NUMBER
International Standard Book Number 8179772348
Terms of availability 50.00
035 ## - SYSTEM CONTROL NUMBER
System control number EN-73795
037 ## - SOURCE OF ACQUISITION
Source of stock number/acquisition DBAD / PUB
040 ## - CATALOGING SOURCE
Original cataloging agency DPL
Language of cataloging EN
082 ## - DEWEY DECIMAL CLASSIFICATION NUMBER
Classification number 881
100 ## - MAIN ENTRY--PERSONAL NAME
Personal name Mukhopadhyay, Aju
245 ## - TITLE STATEMENT
Title The paper boat /
Statement of responsibility, etc by Aju Mukhopadhyay
260 ## - PUBLICATION, DISTRIBUTION, ETC. (IMPRINT)
Place of publication, distribution, etc Barilly
Name of publisher, distributor, etc Prakash Book Depot
Date of publication, distribution, etc 2007
260 ## - PUBLICATION, DISTRIBUTION, ETC. (IMPRINT)
Name of publisher, distributor, etc
270 ## - ADDRESS
Address Bara Bazar,
City Bareilly
Postal code 243003
Telephone number 0581-2470217
270 ## - ADDRESS
City New Delhi
Postal code 110002
Telephone number 30120939
300 ## - PHYSICAL DESCRIPTION
Extent 37p.
Dimensions 22 cm (pbk)
500 ## - GENERAL NOTE
General note Includes glossary
700 ## - ADDED ENTRY--PERSONAL NAME
Personal name Filipovic, Zlata
700 ## - ADDED ENTRY--PERSONAL NAME
Personal name Challenger, Melanie
942 ## - ADDED ENTRY ELEMENTS (KOHA)
Source of classification or shelving scheme Dewey Decimal Classification
Koha item type English Books
Classification part 881
Call number suffix MUK
Holdings
Withdrawn status Lost status Damaged status Not for loan Collection code Home library Current library Date acquired Source of acquisition Cost, normal purchase price Total Checkouts Full call number Barcode Date last seen Copy number Cost, replacement price Price effective from Koha item type
      Not For Loan Non-fiction D.B.Act.Division D.B.Act.Division 03/06/2008 DBAD / PUB 50.00   881 MUK EN-73795 15/09/2008 1 50.00 15/09/2008 English Books

© Delhi Public Library
Hit Counter
free hit counter